| 000 | 00411nam a2200169Ia 4500 | ||
|---|---|---|---|
| 005 | 20250325050703.0 | ||
| 008 | 240331s9999 xx 000 0 und d | ||
| 020 | _a4912000000 | ||
| 082 |
_a302.234 _bPLA _292 |
||
| 100 | _aPlakhov, A | ||
| 245 | 4 | _aThe Soviet Cinema | |
| 260 |
_aMoscow, _bNovosti Press Agency Publishing House _c1988 |
||
| 300 | _a96 p., | ||
| 650 | _aCinema | ||
| 650 | _aMedia | ||
| 942 | _cL | ||
| 999 |
_c1180 _d1180 |
||